Music Quiz

Random Music or Artist Quiz

'So' Many Clips! Quiz Stats

 Plays Quiz not verified by Sporcle

Also try: 'No No No' Songs
Challenge
Share
Tweet
Score 0/26 Timer 14:00
0 Plays Today
Time Song % Correct
2:11I Got You (I Feel Good)
83.4%
0:14Wake Me Up When September Ends
80.7%
1:32Yesterday
79.3%
1:19Uptown Girl
70.7%
2:50White Wedding
69.3%
0:40Candy Shop
63.6%
4:08Sexual Healing
55.3%
1:45When Doves Cry
49.9%
0:53Ruby Tuesday
33.6%
3:42Immigrant Song
33.3%
3:55Lithium
32.8%
2:24Through The Fire And The Flames
26.1%
5:00Hung Up
25%
Time Song % Correct
2:37Mmm Mmm Mmm Mmm
23.8%
3:29Canned Heat
18.1%
0:27Here Comes Your Man
16.9%
3:03The Spirit Of Radio
13.8%
0:01Save Me
13.5%
5:26Do You Want To
10.7%
3:16Bliss
6.3%
5:13The Pot
6%
4:21Juicebox
5.8%
1:58Black Night
4.9%
1:06Liar
4.8%
4:34One Of My Turns
4.2%
4:47Floods
1.4%

You're not logged in!

Compare scores with friends on all Sporcle quizzes.
OR
Log In

You Might Also Like...

Show Comments

Extras

Top Quizzes Today


Score Distribution

Your Account Isn't Verified!

In order to create a playlist on Sporcle, you need to verify the email address you used during registration. Go to your Sporcle Settings to finish the process.

Report this User

Report this user for behavior that violates our Community Guidelines.

Details: